<?xml version="1.0" encoding="UTF-8"?>
<record
    xmlns:xsi="http://www.w3.org/2001/XMLSchema-instance"
    xsi:schemaLocation="http://www.loc.gov/MARC21/slim http://www.loc.gov/standards/marcxml/schema/MARC21slim.xsd"
    xmlns="http://www.loc.gov/MARC21/slim">

  <leader>01154nmm a22003495u 4500</leader>
  <datafield tag="999" ind1=" " ind2=" ">
    <subfield code="c">15108</subfield>
    <subfield code="d">15108</subfield>
  </datafield>
  <controlfield tag="005">20200703211415.0</controlfield>
  <controlfield tag="008">100301s2007    xx         j        eng d</controlfield>
  <datafield tag="020" ind1=" " ind2=" ">
    <subfield code="a">9781402045684</subfield>
  </datafield>
  <datafield tag="050" ind1="0" ind2="4">
    <subfield code="a">SD409</subfield>
    <subfield code="b">H45 2007</subfield>
  </datafield>
  <datafield tag="100" ind1="1" ind2=" ">
    <subfield code="a">Heil, Gerrit W.</subfield>
  </datafield>
  <datafield tag="245" ind1="1" ind2="0">
    <subfield code="a">Environmental Effects of Afforestation in North-Western Europe</subfield>
    <subfield code="h">[electronic resource] :</subfield>
    <subfield code="b">From Field Observations to Decision Support /</subfield>
    <subfield code="c">edited by Gerrit W. Heil, Bart Muys, Karin Hansen.</subfield>
  </datafield>
  <datafield tag="250" ind1=" " ind2=" ">
    <subfield code="a">1a ed.</subfield>
  </datafield>
  <datafield tag="260" ind1=" " ind2=" ">
    <subfield code="a">Dordrecht :</subfield>
    <subfield code="b">Springer,</subfield>
    <subfield code="c">2007.</subfield>
  </datafield>
  <datafield tag="300" ind1=" " ind2=" ">
    <subfield code="b">v.: digital</subfield>
  </datafield>
  <datafield tag="490" ind1=" " ind2="0">
    <subfield code="a">Plant and Vegetation ;</subfield>
    <subfield code="v">1</subfield>
  </datafield>
  <datafield tag="650" ind1=" " ind2="0">
    <subfield code="a">Forestaci&#xF3;n</subfield>
    <subfield code="z">Europa Occidental</subfield>
  </datafield>
  <datafield tag="650" ind1=" " ind2="4">
    <subfield code="a">Administraci&#xF3;n del paisaje agr&#xED;cola</subfield>
    <subfield code="z">Europa Occidental</subfield>
  </datafield>
  <datafield tag="700" ind1="1" ind2=" ">
    <subfield code="a">Muys, Bart.</subfield>
  </datafield>
  <datafield tag="700" ind1="1" ind2=" ">
    <subfield code="a">Hansen, Karin.</subfield>
  </datafield>
  <datafield tag="710" ind1="2" ind2=" ">
    <subfield code="a">SpringerLink (Online service)</subfield>
  </datafield>
  <datafield tag="773" ind1="0" ind2=" ">
    <subfield code="t">Springer eBooks</subfield>
  </datafield>
  <datafield tag="856" ind1="4" ind2="0">
    <subfield code="u">http://dx.doi.org/10.1007/1-4020-4568-9</subfield>
  </datafield>
  <datafield tag="942" ind1=" " ind2=" ">
    <subfield code="2">lcc</subfield>
    <subfield code="c">LIE</subfield>
  </datafield>
  <datafield tag="952" ind1=" " ind2=" ">
    <subfield code="1">0</subfield>
    <subfield code="2">lcc</subfield>
    <subfield code="4">0</subfield>
    <subfield code="7">0</subfield>
    <subfield code="a">DIGITAL</subfield>
    <subfield code="b">DIGITAL</subfield>
    <subfield code="c">COLDIG</subfield>
    <subfield code="d">2012-01-27</subfield>
    <subfield code="k">CA</subfield>
    <subfield code="o">SD409 H45 2007</subfield>
    <subfield code="p">BDIG00003927</subfield>
    <subfield code="r">2015-01-16 00:00:00</subfield>
    <subfield code="t">1</subfield>
    <subfield code="u">http://dx.doi.org/10.1007/1-4020-4568-9</subfield>
    <subfield code="v">1.00</subfield>
    <subfield code="y">LIE</subfield>
    <subfield code="z">SpringerLink</subfield>
  </datafield>
</record>
